[Event "Northumbria Masters Open"]
[Site "Newcastle"]
[Date "2021.08.29"]
[Round "7.14"]
[White "Villiers, Thomas"]
[Black "Modi, Shyam Jagdish"]
[Result "0-1"]
[WhiteElo "2165"]
[BlackElo "2118"]
[PlyCount "112"]
[EventDate "2021.08.26"]
[EventType "swiss"]
[EventRounds "9"]
[EventCountry "ENG"]
[SourceTitle "The Week in Chess 1399"]
[Source "Mark Crowther"]
[SourceDate "2021.08.30"]
[SourceVersion "1"]
[SourceVersionDate "2021.08.30"]
[SourceQuality "2"]

1. e4 c5 2. Nf3 e6 3. Nc3 Nc6 4. d3 d6 5. g3 Nf6 6. Bg2 Be7 7. O-O O-O 8. Ne1
Rb8 9. f4 Qc7 10. g4 Re8 11. g5 Nd7 12. Qg4 Bf8 13. Rf3 Nde5 14. fxe5 Nxe5 15.
Qg3 Nxf3+ 16. Nxf3 b5 17. Be3 g6 18. Rf1 b4 19. Ne2 c4 20. d4 Ba6 21. Qf2 Qa5
22. h3 c3 23. bxc3 bxc3 24. Nh2 Bxe2 25. Qxe2 Qxa2 26. Ng4 Bg7 27. Qf2 Re7 28.
Nf6+ Kh8 29. Qh4 Bxf6 30. gxf6 Ree8 31. Bf4 Qxc2 32. Bxd6 Rb2 33. Qg3 Qd2 34.
Bf4 Qxd4+ 35. Be3 Qd3 36. Qg5 Re2 37. Bxa7 c2 38. Bc5 Qd2 39. Qxd2 Rxd2 40. Be3
Rd1 41. Bf3 Rxf1+ 42. Kxf1 Rb8 43. Ke2 Rb1 44. e5 c1=Q 45. Bxc1 Rxc1 46. Ke3
Rc4 47. Be2 Ra4 48. Bg4 Kg8 49. Bf3 Rb4 50. Be4 g5 51. Bc2 Rh4 52. Bb1 Rxh3+
53. Ke4 h5 54. Bd3 Rxd3 55. Kxd3 Kh7 56. Kd4 h4 0-1

[Event "Northumbria Masters Open"]
[Site "Newcastle"]
[Date "2021.08.29"]
[Round "7.15"]
[White "Jones, Steven A"]
[Black "Smith, Andrew Philip"]
[Result "1-0"]
[WhiteElo "2234"]
[BlackElo "2144"]
[PlyCount "81"]
[EventDate "2021.08.26"]
[EventType "swiss"]
[EventRounds "9"]
[EventCountry "ENG"]
[SourceTitle "The Week in Chess 1399"]
[Source "Mark Crowther"]
[SourceDate "2021.08.30"]
[SourceVersion "1"]
[SourceVersionDate "2021.08.30"]
[SourceQuality "2"]

1. e4 c5 2. Nf3 e6 3. g3 d5 4. exd5 exd5 5. d4 Nf6 6. Bg2 Be7 7. O-O O-O 8. Nc3
Nc6 9. Be3 Bg4 10. h3 cxd4 11. Bxd4 Be6 12. Re1 h6 13. Ne5 Nxd4 14. Qxd4 Qc8
15. Nd3 Bd8 16. Nf4 Bb6 17. Qb4 Qc6 18. Rad1 Rad8 19. Qb3 Qc5 20. Re2 d4 21.
Nxe6 fxe6 22. Na4 Qh5 23. g4 Qh4 24. Nxb6 axb6 25. Rxe6 Kh8 26. Qg3 Qg5 27. Qe5
Qg6 28. Rd2 Qf7 29. b3 Kg8 30. Re7 Qg6 31. Bxb7 d3 32. cxd3 Rxd3 33. Be4 Nxe4
34. Rxd3 Nxf2 35. Qd5+ Kh8 36. Rf3 Nxh3+ 37. Kf1 Nf4 38. Qe4 Qxg4 39. Re8 Qg2+
40. Ke1 Nd3+ 41. Rxd3 1-0

[Event "Northumbria Masters Open"]
[Site "Newcastle"]
[Date "2021.08.29"]
[Round "7.16"]
[White "Hosdurga, Chirag"]
[Black "Dargan, Paul AG"]
[Result "0-1"]
[WhiteElo "1838"]
[BlackElo "2064"]
[PlyCount "46"]
[EventDate "2021.08.26"]
[EventType "swiss"]
[EventRounds "9"]
[EventCountry "ENG"]
[SourceTitle "The Week in Chess 1399"]
[Source "Mark Crowther"]
[SourceDate "2021.08.30"]
[SourceVersion "1"]
[SourceVersionDate "2021.08.30"]
[SourceQuality "2"]

1. d4 Nf6 2. c4 e6 3. Nc3 Bb4 4. Qc2 O-O 5. e4 c5 6. dxc5 Bxc3+ 7. bxc3 Qa5 8.
Nf3 Nxe4 9. Bd3 f5 10. Bxe4 fxe4 11. Ng5 Qxc5 12. O-O d5 13. Be3 Qxc4 14. f3
Qd3 15. Qf2 exf3 16. Bc5 Re8 17. Nxf3 Qf5 18. Qg3 Nd7 19. Bd4 Nf6 20. Bxf6 Qxf6
21. Ne5 Qh6 22. Ng4 Qg6 23. Nf6+ gxf6 0-1

[Event "Northumbria Masters Open"]
[Site "Newcastle"]
[Date "2021.08.29"]
[Round "7.17"]
[White "Siddharth, Gopakumar"]
[Black "Verma, Aditya"]
[Result "1/2-1/2"]
[WhiteElo "1856"]
[BlackElo "2170"]
[PlyCount "39"]
[EventDate "2021.08.26"]
[EventType "swiss"]
[EventRounds "9"]
[EventCountry "ENG"]
[SourceTitle "The Week in Chess 1399"]
[Source "Mark Crowther"]
[SourceDate "2021.08.30"]
[SourceVersion "1"]
[SourceVersionDate "2021.08.30"]
[SourceQuality "2"]

1. e4 c5 2. Nf3 d6 3. Bb5+ Bd7 4. Bxd7+ Qxd7 5. c4 Nf6 6. Nc3 g6 7. d4 cxd4 8.
Nxd4 Bg7 9. f3 O-O 10. O-O Nc6 11. Be3 Rfc8 12. b3 Ne5 13. Qd2 Qd8 14. Rac1
Nfd7 15. Rfd1 a5 16. Na4 b6 17. Nb5 Nc6 18. Qf2 Rab8 19. a3 Rb7 20. h3 1/2-1/2

[Event "Northumbria Masters Open"]
[Site "Newcastle"]
[Date "2021.08.29"]
[Round "7.18"]
[White "Sheikh, Anum"]
[Black "Ther, Mate"]
[Result "0-1"]
[WhiteElo "1837"]
[BlackElo "1964"]
[PlyCount "68"]
[EventDate "2021.08.26"]
[EventType "swiss"]
[EventRounds "9"]
[EventCountry "ENG"]
[SourceTitle "The Week in Chess 1399"]
[Source "Mark Crowther"]
[SourceDate "2021.08.30"]
[SourceVersion "1"]
[SourceVersionDate "2021.08.30"]
[SourceQuality "2"]

1. e4 e5 2. Nf3 Nc6 3. Bb5 a6 4. Ba4 Nf6 5. O-O Nxe4 6. d4 Be7 7. Re1 b5 8. Bb3
d5 9. dxe5 Be6 10. c3 O-O 11. Nbd2 Nc5 12. Bc2 b4 13. Nd4 Nxd4 14. cxd4 Nd7 15.
f4 f5 16. exf6 Rxf6 17. Qe2 Bd6 18. Nf3 h6 19. Ne5 Qf8 20. f5 Bxf5 21. Bxf5
Nxe5 22. Bh3 Nc6 23. Be6+ Kh8 24. Bxd5 Nxd4 25. Qd3 Bc5 26. Be3 Rd8 27. Qc4 c6
28. Be4 Re6 29. Rac1 Rxe4 30. Qxc5 Qe8 31. Kf2 Rd5 32. Qb6 Rf5+ 33. Kg1 Rxe3
34. Qxb4 Ne2+ 0-1

[Event "Northumbria Masters Open"]
[Site "Newcastle"]
[Date "2021.08.29"]
[Round "7.19"]
[White "De Coverly, Roger D"]
[Black "Khoury, Theo"]
[Result "0-1"]
[WhiteElo "1954"]
[BlackElo "1697"]
[PlyCount "96"]
[EventDate "2021.08.26"]
[EventType "swiss"]
[EventRounds "9"]
[EventCountry "ENG"]
[SourceTitle "The Week in Chess 1399"]
[Source "Mark Crowther"]
[SourceDate "2021.08.30"]
[SourceVersion "1"]
[SourceVersionDate "2021.08.30"]
[SourceQuality "2"]

1. e4 c5 2. Nc3 d6 3. g3 Nc6 4. Bg2 g6 5. d3 Bg7 6. f4 e6 7. Nf3 Nge7 8. O-O
O-O 9. Bd2 Rb8 10. Rb1 b5 11. a3 Nd4 12. Ne2 Nxf3+ 13. Bxf3 Bb7 14. g4 f5 15.
Ng3 Qd7 16. c3 d5 17. Qe2 Rbd8 18. Rbd1 d4 19. cxd4 Bxd4+ 20. Be3 a5 21. Kg2
fxg4 22. Bxg4 Nf5 23. Nxf5 exf5 24. Bf3 Qe7 25. e5 g5 26. Bxd4 g4 27. Bxb7
Qxb7+ 28. Kg1 Rxd4 29. Qf2 Qe7 30. Qc2 a4 31. b3 h5 32. bxa4 bxa4 33. Qa2+ Kh8
34. Qe2 h4 35. e6 Rf6 36. Rde1 Rd6 37. Qc2 Rdxe6 38. Rxe6 Rxe6 39. Qxa4 Re2 40.
Qa8+ Kh7 41. Qd5 Kg6 42. Qg8+ Kf6 43. Qh8+ Ke6 44. Qc8+ Kd6 45. Qxf5 Re1 46.
Qxg4 Qe3+ 47. Kg2 h3+ 48. Qxh3 Re2+ 0-1

[Event "Northumbria Masters Open"]
[Site "Newcastle"]
[Date "2021.08.29"]
[Round "7.20"]
[White "Stoica, Savas Marin"]
[Black "Clarke, Connor"]
[Result "0-1"]
[WhiteElo "1954"]
[BlackElo "1691"]
[PlyCount "114"]
[EventDate "2021.08.26"]
[EventType "swiss"]
[EventRounds "9"]
[EventCountry "ENG"]
[SourceTitle "The Week in Chess 1399"]
[Source "Mark Crowther"]
[SourceDate "2021.08.30"]
[SourceVersion "1"]
[SourceVersionDate "2021.08.30"]
[SourceQuality "2"]

1. d4 d5 2. Nf3 Nf6 3. g3 e6 4. Bg2 Be7 5. O-O Ne4 6. c4 f5 7. Bf4 Nd7 8. Nbd2
c6 9. Qc2 O-O 10. Rab1 Ndf6 11. b4 Nxd2 12. Nxd2 Bd6 13. Bxd6 Qxd6 14. b5 Bd7
15. bxc6 bxc6 16. Nf3 Rfc8 17. c5 Qc7 18. Rb3 Rcb8 19. Rfb1 Bc8 20. Ne5 Ba6 21.
Bf1 Rxb3 22. Qxb3 Ne4 23. Qb4 Kf8 24. f3 Nf6 25. e3 Bxf1 26. Kxf1 Nd7 27. Nxd7+
Qxd7 28. Qb7 Rd8 29. a4 Ke7 30. a5 Qxb7 31. Rxb7+ Rd7 32. a6 Ke8 33. h4 Ke7 34.
Ke2 h6 35. Kd3 g5 36. h5 Ke8 37. Kc3 Ke7 38. Kb4 Ke8 39. Ka5 Ke7 40. Rxa7 Rxa7
41. Kb6 Ra8 42. a7 Rd8 43. f4 gxf4 44. gxf4 Kd7 45. Kb7 Ra8 46. Kb6 Kc8 47.
Kxc6 Rxa7 48. Kd6 Ra3 49. Kxe6 Rxe3+ 50. Kxf5 Re4 51. Kf6 Rxf4+ 52. Ke5 Rh4 53.
Kxd5 Rxh5+ 54. Ke6 Rh1 55. d5 h5 56. d6 h4 57. c6 Rd1 0-1

[Event "Northumbria Masters Open"]
[Site "Newcastle"]
[Date "2021.08.29"]
[Round "7.21"]
[White "Merriman, James"]
[Black "Pink, Joshua"]
[Result "0-1"]
[WhiteElo "1837"]
[BlackElo "1924"]
[PlyCount "82"]
[EventDate "2021.08.26"]
[EventType "swiss"]
[EventRounds "9"]
[EventCountry "ENG"]
[SourceTitle "The Week in Chess 1399"]
[Source "Mark Crowther"]
[SourceDate "2021.08.30"]
[SourceVersion "1"]
[SourceVersionDate "2021.08.30"]
[SourceQuality "2"]

1. d4 Nf6 2. c4 c5 3. d5 e6 4. Nc3 exd5 5. cxd5 d6 6. e4 g6 7. Nge2 Bg7 8. Ng3
O-O 9. Be2 Re8 10. O-O h5 11. f3 a6 12. a4 Nbd7 13. Be3 Rb8 14. Qd2 Ne5 15. h3
Qe7 16. Bg5 Qf8 17. Nh1 Nh7 18. Be3 Qe7 19. Nf2 f5 20. Rab1 Nf6 21. b4 fxe4 22.
fxe4 b6 23. bxc5 dxc5 24. Bf4 Qd6 25. Rfe1 Rf8 26. Nd3 Nfd7 27. Nd1 Bb7 28.
N1f2 Qf6 29. Rf1 Nxd3 30. Nxd3 Qd4+ 31. Kh1 Rbe8 32. Nf2 Qxd2 33. Bxd2 Bxd5 34.
Bxa6 Bxe4 35. Rbe1 Bc6 36. Bc4+ Kh7 37. Rxe8 Rxe8 38. Bd3 Rf8 39. Bc2 Bd4 40.
Be1 Ne5 41. Kg1 Nc4 0-1

[Event "Northumbria Masters Open"]
[Site "Newcastle"]
[Date "2021.08.29"]
[Round "7.22"]
[White "Kan, Toby"]
[Black "Ortiz Sanchez, Luis"]
[Result "0-1"]
[WhiteElo "1696"]
[BlackElo "1899"]
[PlyCount "72"]
[EventDate "2021.08.26"]
[EventType "swiss"]
[EventRounds "9"]
[EventCountry "ENG"]
[SourceTitle "The Week in Chess 1399"]
[Source "Mark Crowther"]
[SourceDate "2021.08.30"]
[SourceVersion "1"]
[SourceVersionDate "2021.08.30"]
[SourceQuality "2"]

1. e4 e5 2. Nf3 Nf6 3. Nxe5 d6 4. Nf3 Nxe4 5. Nc3 Nf6 6. d4 Be7 7. Be2 O-O 8.
O-O Re8 9. b3 Nbd7 10. Bb2 d5 11. Qd2 Bb4 12. Qd1 c6 13. a3 Bd6 14. Re1 Nf8 15.
Bf1 Bg4 16. Qd3 Qc7 17. g3 h6 18. Bg2 Ng6 19. h3 Bd7 20. Na4 Ne4 21. Nd2 Nxd2
22. Qxd2 Bf5 23. c4 Be6 24. Rac1 dxc4 25. bxc4 Qd7 26. h4 Bh3 27. h5 Bxg2 28.
hxg6 Qh3 29. gxf7+ Kxf7 30. f4 Qh1+ 31. Kf2 Qh2 32. Re5 Bxe5 33. fxe5 Kg8 34.
Qe3 Rf8+ 35. Ke2 Rf3 36. Qg1 Bf1+ 0-1

[Event "Northumbria Masters Open"]
[Site "Newcastle"]
[Date "2021.08.30"]
[Round "8.1"]
[White "Gormally, Daniel W"]
[Black "Clarke, Brandon G I"]
[Result "1/2-1/2"]
[WhiteElo "2479"]
[BlackElo "2429"]
[PlyCount "38"]
[EventDate "2021.08.26"]
[EventType "swiss"]
[EventRounds "9"]
[EventCountry "ENG"]
[SourceTitle "The Week in Chess 1399"]
[Source "Mark Crowther"]
[SourceDate "2021.08.30"]
[SourceVersion "1"]
[SourceVersionDate "2021.08.30"]
[SourceQuality "2"]

1. e4 c5 2. Nf3 d6 3. Bb5+ Nd7 4. O-O a6 5. Bd3 Ngf6 6. c3 b5 7. Bc2 Bb7 8. Qe2
e6 9. d4 Be7 10. a4 O-O 11. Bf4 Qb6 12. Nbd2 Rfc8 13. Bd3 Nf8 14. dxc5 dxc5 15.
axb5 axb5 16. Bxb5 Nxe4 17. Nxe4 Bxe4 18. Qxe4 Rxa1 19. Rxa1 Qxb5 1/2-1/2

[Event "Northumbria Masters Open"]
[Site "Newcastle"]
[Date "2021.08.30"]
[Round "8.2"]
[White "Petrov, Marian"]
[Black "Olson, Hamish"]
[Result "1-0"]
[WhiteElo "2457"]
[BlackElo "2246"]
[PlyCount "57"]
[EventDate "2021.08.26"]
[EventType "swiss"]
[EventRounds "9"]
[EventCountry "ENG"]
[SourceTitle "The Week in Chess 1399"]
[Source "Mark Crowther"]
[SourceDate "2021.08.30"]
[SourceVersion "1"]
[SourceVersionDate "2021.08.30"]
[SourceQuality "2"]

1. e4 e5 2. Nc3 Nf6 3. g3 Bc5 4. Bg2 Nc6 5. Nge2 Nd4 6. Na4 Nxe2 7. Qxe2 Be7 8.
d4 d6 9. d5 Bd7 10. b3 c6 11. dxc6 Bxc6 12. Nc3 b5 13. O-O b4 14. Nd5 Bxd5 15.
exd5 O-O 16. a3 a5 17. Bd2 Qb6 18. axb4 axb4 19. Rxa8 Rxa8 20. Qc4 Rb8 21. Ra1
Qc5 22. Ra4 Qxc4 23. bxc4 b3 24. cxb3 Rxb3 25. Ra8+ Bf8 26. Bh3 Ne4 27. Be3 Rb4
28. Rc8 h6 29. Bf5 1-0

[Event "Northumbria Masters Open"]
[Site "Newcastle"]
[Date "2021.08.30"]
[Round "8.3"]
[White "Merriman, John"]
[Black "Wells, Peter K"]
[Result "0-1"]
[WhiteElo "2245"]
[BlackElo "2381"]
[PlyCount "70"]
[EventDate "2021.08.26"]
[EventType "swiss"]
[EventRounds "9"]
[EventCountry "ENG"]
[SourceTitle "The Week in Chess 1399"]
[Source "Mark Crowther"]
[SourceDate "2021.08.30"]
[SourceVersion "1"]
[SourceVersionDate "2021.08.30"]
[SourceQuality "2"]

1. d4 d5 2. c4 e6 3. Nc3 c6 4. e3 Nf6 5. Nf3 Nbd7 6. Qc2 Bd6 7. b3 O-O 8. Be2
b6 9. O-O Bb7 10. Bb2 Qe7 11. e4 dxe4 12. Nxe4 Nxe4 13. Qxe4 Nf6 14. Qh4 c5 15.
Rad1 cxd4 16. Nxd4 Rfd8 17. Bd3 Ba3 18. Ba1 Bb4 19. Qh3 h6 20. Nc2 Bc5 21. Ne3
Ne4 22. Rfe1 Qg5 23. Bb2 f5 24. Bc1 Kh8 25. b4 Bxb4 26. Nd5 Bxe1 27. Bxg5 Bxf2+
28. Kf1 Nxg5 29. Qh5 exd5 30. Bxf5 Rf8 31. g4 Bc5 32. h4 Bc8 33. Rxd5 Bxf5 34.
gxf5 Ne4 35. Kg2 Nf6 0-1

[Event "Northumbria Masters Open"]
[Site "Newcastle"]
[Date "2021.08.30"]
[Round "8.4"]
[White "Arkell, Keith C"]
[Black "Bradbury, Neil H"]
[Result "1-0"]
[WhiteElo "2382"]
[BlackElo "2297"]
[PlyCount "103"]
[EventDate "2021.08.26"]
[EventType "swiss"]
[EventRounds "9"]
[EventCountry "ENG"]
[SourceTitle "The Week in Chess 1399"]
[Source "Mark Crowther"]
[SourceDate "2021.08.30"]
[SourceVersion "1"]
[SourceVersionDate "2021.08.30"]
[SourceQuality "2"]

1. c4 Nf6 2. Nc3 e6 3. Nf3 Bb4 4. g3 b6 5. Bg2 Bb7 6. O-O O-O 7. d3 d5 8. cxd5
exd5 9. a3 Be7 10. b4 Nbd7 11. Bf4 a5 12. b5 Nc5 13. Nd4 Ne6 14. Nxe6 fxe6 15.
d4 Bd6 16. e3 Qe7 17. a4 Rad8 18. Rc1 Rc8 19. Qe2 Bb4 20. Rc2 c5 21. bxc6 Rxc6
22. Rfc1 Bxc3 23. Rxc3 Rfc8 24. Rxc6 Rxc6 25. Rb1 Bc8 26. Bg5 Bd7 27. Qa6 Qa3
28. Bxf6 gxf6 29. Bf1 Qxa4 30. Qb7 Bc8 31. Qe7 Qc2 32. Re1 Qg6 33. Bb5 Rc2 34.
Qd8+ Kg7 35. Be8 Qg5 36. h4 Qg4 37. h5 Qg5 38. Ba4 Rc4 39. Bb5 Rc3 40. Kg2 Kh6
41. Qxb6 Ra3 42. Qc5 Rb3 43. Ba4 Rb4 44. Qxa5 Rc4 45. Bb5 Rc2 46. Bd3 Rc6 47.
Qa8 Rc3 48. Ra1 Bd7 49. Ra7 Rc8 50. Qb7 Rd8 51. Bb5 Qf5 52. Bxd7 1-0

[Event "Northumbria Masters Open"]
[Site "Newcastle"]
[Date "2021.08.30"]
[Round "8.5"]
[White "Turner, Max N"]
[Black "Sedykh, Mikhail"]
[Result "1-0"]
[WhiteElo "2182"]
[BlackElo "2124"]
[PlyCount "153"]
[EventDate "2021.08.26"]
[EventType "swiss"]
[EventRounds "9"]
[EventCountry "ENG"]
[SourceTitle "The Week in Chess 1399"]
[Source "Mark Crowther"]
[SourceDate "2021.08.30"]
[SourceVersion "1"]
[SourceVersionDate "2021.08.30"]
[SourceQuality "2"]

1. d4 d5 2. c4 e6 3. Nf3 Nf6 4. Nc3 Be7 5. cxd5 exd5 6. Bf4 c6 7. e3 Bg4 8. Bd3
Nbd7 9. h3 Bh5 10. O-O O-O 11. Rb1 Re8 12. Bh2 Rc8 13. g4 Bg6 14. Ne5 Bxd3 15.
Nxd3 Bf8 16. Re1 a6 17. f3 Nb6 18. Bg3 Nfd7 19. Nf4 Be7 20. Re2 Bh4 21. Bh2 Nc4
22. Qd3 Qb6 23. Kh1 Bf6 24. Bg1 Qc7 25. b3 Na3 26. Rc1 Qd8 27. Rd1 Nb5 28. Nb1
Nc7 29. e4 Bg5 30. Ng2 Ne6 31. Bh2 c5 32. dxc5 dxe4 33. Qxe4 Nef8 34. Qxe8 Qxe8
35. Rxe8 Rxe8 36. Bd6 Re2 37. Nc3 Rc2 38. Ne4 Rc1 39. Rxc1 Bxc1 40. Ne1 Ne6 41.
Nd3 Be3 42. b4 g6 43. Nc3 a5 44. a3 axb4 45. axb4 Nd4 46. Kg2 Bd2 47. Ne4 Be3
48. Nc3 Bd2 49. Nd5 f6 50. Nb2 Nc6 51. b5 Nd4 52. Ne7+ Kf7 53. c6 bxc6 54. bxc6
Nb6 55. c7 Ne6 56. c8=Q Nxc8 57. Nxc8 Nd4 58. Bg3 Ke6 59. Nc4 Bb4 60. N8b6 f5
61. g5 Bf8 62. h4 h6 63. Ne5 hxg5 64. hxg5 f4 65. Bxf4 Kf5 66. Nd5 Ne2 67. Nd3
Nxf4+ 68. N5xf4 Bd6 69. Nh3 Be7 70. f4 Kg4 71. Ne5+ Kf5 72. Kf3 Ba3 73. Ng4 Bc1
74. Ne3+ Ke6 75. Ke4 Bd2 76. Nc4 Bb4 77. Ne5 1-0

[Event "Northumbria Masters Open"]
[Site "Newcastle"]
[Date "2021.08.30"]
[Round "8.6"]
[White "Basman, Michael J"]
[Black "Bezuidenhout, Roland"]
[Result "0-1"]
[WhiteElo "2289"]
[BlackElo "2196"]
[PlyCount "60"]
[EventDate "2021.08.26"]
[EventType "swiss"]
[EventRounds "9"]
[EventCountry "ENG"]
[SourceTitle "The Week in Chess 1399"]
[Source "Mark Crowther"]
[SourceDate "2021.08.30"]
[SourceVersion "1"]
[SourceVersionDate "2021.08.30"]
[SourceQuality "2"]

1. g4 e5 2. c4 Nc6 3. Nc3 Nge7 4. d3 d5 5. cxd5 Nxd5 6. g5 Be7 7. h4 h6 8. Bg2
Be6 9. g6 fxg6 10. Qb3 Nf4 11. Qxb7 Nxg2+ 12. Kf1 Bd7 13. Kxg2 Rb8 14. Qa6 Rb4
15. Be3 O-O 16. Nf3 Qe8 17. Ne4 Kh8 18. b3 Bc8 19. Qa3 Rxe4 20. Qc1 Rg4+ 21.
Kf1 h5 22. a3 Be6 23. b4 Bd5 24. Rh3 Bxf3 25. exf3 Rxh4 26. Rxh4 Bxh4 27. b5
Nd4 28. f4 Qxb5 29. Qc4 Qxc4 30. dxc4 Nc2 0-1

[Event "Northumbria Masters Open"]
[Site "Newcastle"]
[Date "2021.08.30"]
[Round "8.7"]
[White "Sowray, Peter John"]
[Black "Mosnegutu, Klauss"]
[Result "1-0"]
[WhiteElo "2196"]
[BlackElo "2235"]
[PlyCount "57"]
[EventDate "2021.08.26"]
[EventType "swiss"]
[EventRounds "9"]
[EventCountry "ENG"]
[SourceTitle "The Week in Chess 1399"]
[Source "Mark Crowther"]
[SourceDate "2021.08.30"]
[SourceVersion "1"]
[SourceVersionDate "2021.08.30"]
[SourceQuality "2"]

1. d4 Nf6 2. c4 e6 3. Nc3 Bb4 4. e3 Ne4 5. Qc2 f5 6. Bd3 Nf6 7. Nge2 b6 8. O-O
O-O 9. f3 Bb7 10. e4 fxe4 11. fxe4 e5 12. Bg5 Be7 13. d5 Ng4 14. Bxe7 Qxe7 15.
Rxf8+ Qxf8 16. Nd1 Na6 17. h3 Qc5+ 18. Kh1 Rf8 19. hxg4 Rf1+ 20. Kh2 Qe7 21.
Ng1 Nb4 22. Qd2 Qh4+ 23. Nh3 Qe1 24. Qxe1 Rxe1 25. Nhf2 Nxd3 26. Nxd3 Rxe4 27.
b3 d6 28. N1f2 Re2 29. Kg1 1-0

[Event "Northumbria Masters Open"]
[Site "Newcastle"]
[Date "2021.08.30"]
[Round "8.8"]
[White "Modi, Shyam Jagdish"]
[Black "Jones, Steven A"]
[Result "1-0"]
[WhiteElo "2118"]
[BlackElo "2234"]
[PlyCount "25"]
[EventDate "2021.08.26"]
[EventType "swiss"]
[EventRounds "9"]
[EventCountry "ENG"]
[SourceTitle "The Week in Chess 1399"]
[Source "Mark Crowther"]
[SourceDate "2021.08.30"]
[SourceVersion "1"]
[SourceVersionDate "2021.08.30"]
[SourceQuality "2"]

1. d4 d5 2. c4 dxc4 3. e3 Nf6 4. Bxc4 e6 5. Nf3 c5 6. O-O a6 7. Bb3 Nbd7 8. e4
Nxe4 9. Qe2 Ndf6 10. Rd1 Be7 11. Bc2 Qd5 12. dxc5 Qf5 13. Re1 1-0

[Event "Northumbria Masters Open"]
[Site "Newcastle"]
[Date "2021.08.30"]
[Round "8.9"]
[White "Birtwistle, Nigel"]
[Black "Dong Bao Nghia"]
[Result "0-1"]
[WhiteElo "2123"]
[BlackElo "2227"]
[PlyCount "96"]
[EventDate "2021.08.26"]
[EventType "swiss"]
[EventRounds "9"]
[EventCountry "ENG"]
[SourceTitle "The Week in Chess 1399"]
[Source "Mark Crowther"]
[SourceDate "2021.08.30"]
[SourceVersion "1"]
[SourceVersionDate "2021.08.30"]
[SourceQuality "2"]

1. e4 e6 2. d4 d5 3. Nc3 dxe4 4. Nxe4 Bd7 5. Nf3 Bc6 6. Bd3 Nd7 7. c3 Be7 8.
Bf4 Ngf6 9. Nxf6+ Bxf6 10. Qe2 g5 11. Bg3 h5 12. Be4 h4 13. Be5 g4 14. Bxc6
bxc6 15. Bxf6 Qxf6 16. Nd2 Rb8 17. O-O-O Rh5 18. Qxg4 Rhb5 19. b3 Qh6 20. Qe4
c5 21. Qe3 Qxe3 22. fxe3 cxd4 23. exd4 Rg5 24. Rhg1 Ke7 25. Rde1 Rbg8 26. Re2
Nf6 27. Kc2 Nd5 28. Re4 Rxg2 29. Rxg2 Rxg2 30. Rxh4 f5 31. a3 Nf6 32. Kd3 Ng4
33. Nf3 Kd6 34. h3 Nf2+ 35. Kc4 Rg3 36. Ne5 Ne4 37. Rh7 Rxc3+ 38. Kb4 c5+ 39.
Ka4 cxd4 40. Nc4+ Kc6 41. Na5+ Kd5 42. Rd7+ Ke5 43. Kb4 Nf6 44. Rg7 Nd5+ 45.
Ka4 Ne3 46. Kb4 f4 47. Nc4+ Rxc4+ 48. bxc4 f3 0-1

[Event "Northumbria Masters Open"]
[Site "Newcastle"]
[Date "2021.08.30"]
[Round "8.10"]
[White "Eggleston, Thomas A"]
[Black "Boswell, Jacob Connor"]
[Result "1-0"]
[WhiteElo "2178"]
[BlackElo "2012"]
[PlyCount "117"]
[EventDate "2021.08.26"]
[EventType "swiss"]
[EventRounds "9"]
[EventCountry "ENG"]
[SourceTitle "The Week in Chess 1399"]
[Source "Mark Crowther"]
[SourceDate "2021.08.30"]
[SourceVersion "1"]
[SourceVersionDate "2021.08.30"]
[SourceQuality "2"]

1. e4 c5 2. Nc3 e6 3. Nf3 Nc6 4. d4 cxd4 5. Nxd4 Qc7 6. g3 a6 7. Bg2 d6 8. O-O
Nf6 9. Re1 Be7 10. Nxc6 bxc6 11. e5 dxe5 12. Rxe5 O-O 13. Re1 Rd8 14. Qe2 Bd7
15. Bf4 Qb6 16. Rab1 Rac8 17. Na4 Qb5 18. b3 Nd5 19. Be5 Qa5 20. c4 Nb6 21. Qg4
g6 22. Bc3 Bb4 23. Bf6 Bxe1 24. Qh4 Bd2 25. Bxd8 g5 26. Bxb6 gxh4 27. Bxa5 Bxa5
28. Nc5 Rc7 29. Nxa6 Ra7 30. Nc5 hxg3 31. hxg3 Be8 32. Rd1 Kf8 33. Na4 Ke7 34.
c5 Bc7 35. Kf1 f6 36. Ke2 Ra5 37. Rh1 h5 38. Bf3 Bg6 39. Bxh5 Bf5 40. Bf3 Ra6
41. Ke3 Be5 42. Be4 Bxe4 43. Kxe4 Kf7 44. f4 Bb8 45. Rh8 f5+ 46. Kd3 Ba7 47.
Kc4 Ra5 48. Rc8 Ra6 49. Kd4 Kf6 50. Rg8 Kf7 51. Rh8 Kg7 52. Rd8 Kf6 53. Kc4 Ke7
54. Rd2 Bb8 55. Nb6 Ra5 56. a4 Kf7 57. b4 Ra6 58. b5 cxb5+ 59. Kxb5 1-0

[Event "Northumbria Masters Open"]
[Site "Newcastle"]
[Date "2021.08.30"]
[Round "8.11"]
[White "Guthrie, David"]
[Black "Murphy, Ryan"]
[Result "0-1"]
[WhiteElo "2165"]
[BlackElo "1977"]
[PlyCount "80"]
[EventDate "2021.08.26"]
[EventType "swiss"]
[EventRounds "9"]
[EventCountry "ENG"]
[SourceTitle "The Week in Chess 1399"]
[Source "Mark Crowther"]
[SourceDate "2021.08.30"]
[SourceVersion "1"]
[SourceVersionDate "2021.08.30"]
[SourceQuality "2"]

1. d4 d5 2. c4 c6 3. Nc3 Nf6 4. e3 a6 5. Nf3 Bf5 6. Qb3 b5 7. cxd5 cxd5 8. a4
b4 9. Qxb4 Nc6 10. Qc5 Na5 11. Bxa6 Rxa6 12. Qb5+ Rc6 13. Ne5 Bd7 14. Nxd7 Nxd7
15. Nxd5 Rc8 16. Bd2 Nc4 17. Bc3 e6 18. Nf4 Be7 19. O-O O-O 20. Rfc1 Nf6 21. a5
Ne4 22. a6 Ncd6 23. Qa4 Nxc3 24. Rxc3 Rxc3 25. bxc3 Qc7 26. Ne2 g6 27. f3 h5
28. Kf2 Nf5 29. g3 h4 30. e4 Nd6 31. e5 Nc4 32. Ra2 Kg7 33. Qb5 Rb8 34. Qa4 Ra8
35. Nf4 Bg5 36. Nd3 hxg3+ 37. hxg3 Bd2 38. Nc5 Nb6 39. Qb3 Bg5 40. Qxe6 Be7 0-1